God is a good God: (Record no. 14239)

000 -LEADER
fixed length control field 00583nam a2200193 a 4500
001 - CONTROL NUMBER
control field :::00012068$&:&@@
003 - CONTROL NUMBER IDENTIFIER
control field OkBaRHE
005 - DATE AND TIME OF LATEST TRANSACTION
control field 20000607103415.0
008 - FIXED-LENGTH DATA ELEMENTS--GENERAL INFORMATION
fixed length control field s1960 j 000 0 eng u
040 ## - CATALOGING SOURCE
Transcribing agency
100 1# - MAIN ENTRY--PERSONAL NAME
Personal name Roberts, Oral, 1918-
245 10 - TITLE STATEMENT
Title God is a good God:
Remainder of title believe it and come alive.
260 ## - PUBLICATION, DISTRIBUTION, ETC. (IMPRINT)
Place of publication, distribution, etc Indianapolis, IN., :
Name of publisher, distributor, etc Bobbs-Merrill Company
Date of publication, distribution, etc c1960
300 ## - PHYSICAL DESCRIPTION
Extent 188 p.
650 ## - SUBJECT ADDED ENTRY--TOPICAL TERM
Topical term or geographic name as entry element God
650 ## - SUBJECT ADDED ENTRY--TOPICAL TERM
Topical term or geographic name as entry element Pentecostalism
942 ## - ADDED ENTRY ELEMENTS (KOHA)
Source of classification or shelving scheme
Koha item type Books
Copies
Price effective from Full call number Current Location Not for loan Date checked out Lost status Copy number Withdrawn status Barcode Source of classification or shelving scheme Date acquired Date last seen Permanent Location Total Checkouts Damaged status Shelving location Koha item type
2010-04-14BX 8776 .Z6R62G6RHEMA Bible Training College 2016-04-28 1 12068 2010-04-142016-05-03RHEMA Bible Training College1 General StacksBooks